| 000 | 00918nam a2200241Ia 4500 | ||
|---|---|---|---|
| 003 | OSt | ||
| 005 | 20200819164714.0 | ||
| 008 | 191128s2016 ck ad fr 000 0dspa d | ||
| 020 | _a9789587495201 | ||
| 040 |
_aCO-JMCR _cCO-JMCR |
||
| 041 | 0 | _aspa | |
| 082 | 0 | 4 |
_a346.03 / _bL925r _223 |
| 100 | 1 |
_aLozano Puentes, Yezid, _eautor _98932 |
|
| 245 | 1 | 0 |
_aResponsabilidad fiscal en Colombia / _cYezid Lozano Puentes y Mario Iguarán Arana |
| 260 |
_aBogotá : _bEditorial Ibáñez, _c2016 |
||
| 300 |
_a248 páginas : _bgráficos a blanco y negro ; _c24 cm. |
||
| 500 | _aIncluye datos biográficos de los autores en contra portada. | ||
| 505 | 0 | _aLas contralorias y la función pública que ejercen -- Proceso de responsabilidad social | |
| 650 | 1 | 4 |
_aAuditoría fiscal _xlegislación _zColombia _98933 |
| 650 | 1 | 4 |
_aDebido proceso _zColombia _98934 |
| 700 | 1 |
_aMario Iguarán Arana, _eautor _98935 |
|
| 942 |
_2ddc _cBK |
||
| 999 |
_c6308 _d6308 |
||